The death committee / (Record no. 131640)

MARC details
000 -LEADER
fixed length control field 00549nam a22002177a 4500
005 - DATE AND TIME OF LATEST TRANSACTION
control field 20170124110132.0
010 ## - LIBRARY OF CONGRESS CONTROL NUMBER
LC control number 540495
020 ## - INTERNATIONAL STANDARD BOOK NUMBER
Terms of availability 00.00
035 ## - SYSTEM CONTROL NUMBER
System control number 540495
037 ## - SOURCE OF ACQUISITION
Source of stock number/acquisition Cen Lib/Ret
040 ## - CATALOGING SOURCE
Original cataloging agency DPL
Language of cataloging EN
082 ## - DEWEY DECIMAL CLASSIFICATION NUMBER
Classification number N
Item number GOR
100 ## - MAIN ENTRY--PERSONAL NAME
Personal name Gordon, Noah
9 (RLIN) 32345
245 ## - TITLE STATEMENT
Title The death committee /
Statement of responsibility, etc by Noah Gorden
260 ## - PUBLICATION, DISTRIBUTION, ETC. (IMPRINT)
Place of publication, distribution, etc New York
Name of publisher, distributor, etc McGraw-Hill Book
Date of publication, distribution, etc 1969
270 ## - ADDRESS
City New York
300 ## - PHYSICAL DESCRIPTION
Extent 368p.
Dimensions 20cm(Hb)
650 ## - SUBJECT ADDED ENTRY--TOPICAL TERM
Topical term or geographic name as entry element Suspense fiction
9 (RLIN) 28545
650 ## - SUBJECT ADDED ENTRY--TOPICAL TERM
Topical term or geographic name as entry element Hospitals--Administration
9 (RLIN) 14986
942 ## - ADDED ENTRY ELEMENTS (KOHA)
Source of classification or shelving scheme Dewey Decimal Classification
Koha item type English Books
Classification part N
Call number suffix GOR
Holdings
Withdrawn status Lost status Damaged status Not for loan Home library Current library Date acquired Source of acquisition Cost, normal purchase price Total Checkouts Total Renewals Full call number Barcode Date last seen Date checked out Copy number Cost, replacement price Price effective from Koha item type
        Central Library Central Library 15/07/2015 Cen Lib/Ret 0.00 4 1 N GOR 540495 10/10/2019 10/12/2018 1 0.00 15/07/2015 English Books

© Delhi Public Library
Hit Counter
free hit counter